| 000 | 00671nas a2200241 4500 | ||
|---|---|---|---|
| 001 | BR9602764 | ||
| 003 | BR-BrBNA | ||
| 005 | 20231205094736.0 | ||
| 007 | ta | ||
| 008 | 230509b bl.|||p| |||| 00| 00por d | ||
| 040 |
_aBR-BrBNA _bpor _cBiblioteca Nacional de Agricultura |
||
| 041 | _a(Pt) | ||
| 072 | _aL73 | ||
| 100 | 1 | _aAnon. | |
| 245 | 1 | _aLarvas de moscas criam-se no tubo gastrintestinal dos equinos | |
| 650 | _aEquino | ||
| 650 | _aMosca | ||
| 650 | _aLarva | ||
| 650 | _aEstomago | ||
| 773 | 0 |
_tAgricultura e Pecuaria (Brazil) _xISSN 0100-249x _g(Jun 1973), no. 581 p. 34 _wBR9602764 |
|
| 909 |
_a202311 _bLúcia _c55 _dLúcia Elande |
||
| 942 |
_2AGRIS _n0 _cANA |
||
| 999 |
_c146529 _d146529 |
||